| 000 | 00671nam a22002297a 4500 | ||
|---|---|---|---|
| 003 | UA-OsUOA | ||
| 001 | 96271 | ||
| 007 | ta | ||
| 008 | 20130318b un ||||| |||| 00| 0 ukr d | ||
| 100 | _aКостюковский Б. | ||
| 090 |
_a821.161.1 _bК72 |
||
| 942 | _cBK | ||
| 040 |
_aUA-OsUOA _brus _cUA-OsUOA _dUA-OsUOA |
||
| 245 |
_aГлавный университет _bповесть о Михаиле Васильеве- Южине |
||
| 300 | _a335 с. | ||
| 955 | _a3 | ||
| 041 | _arus | ||
| 080 | _a821.161.1 | ||
| 260 |
_aМ. _bПолитиздат _c1981 |
||
| 650 | 7 |
_a82 Література. Літературознавство _2UDC |
|
| 999 |
_c382524 _d382524 |
||